Actividad agropecuaria : Resolución Técnica Nº 46 : nueva norma contable /
Guardado en:
| Autor Principal: | |
|---|---|
| Otros Autores: | |
| Formato: | Libro |
| Idioma: | Spanish |
| Publicado: |
Buenos Aires :
Osmar D. Buyatti,
2020.
|
| Materias: | |
| Etiquetas: |
Agregar Etiqueta
Sin Etiquetas, Sea el primero en etiquetar este registro!
|
| LEADER | 00843nam a22002295a 4500 | ||
|---|---|---|---|
| 001 | EAD.ead004504 | ||
| 008 | 210615s2020####ag#######b####000#0#spa#d | ||
| 005 | 20210624110610.0 | ||
| 245 | 1 | 0 | |a Actividad agropecuaria : |b Resolución Técnica Nº 46 : nueva norma contable / |c Carlos Federico Torres, Carlos Javier Subelet. |
| 260 | |a Buenos Aires : |b Osmar D. Buyatti, |c 2020. | ||
| 300 | |a 126 p. ; |c 22 cm. | ||
| 504 | |a Incluye referencias bibliográficas. | ||
| 020 | |a 9789877161236 | ||
| 100 | 1 | |a Torres, Carlos Federico. | |
| 700 | 1 | |a Subelet, Carlos Javier. | |
| 246 | 1 | 4 | |a Resolución Técnica Nº 46 |
| 082 | 0 | 4 | |a 657.863 |2 21 |
| 653 | |a Contabilidad agrícola | ||
| 653 | |a Resolución técnica no. 46 | ||
| 650 | 7 | |a Inflación. |2 unbist | |
| 650 | 7 | |a Estudios de casos. |2 unbist | |
| 859 | |a AR-BaBDC |b BIB. ADMINISTRACION - Libros |h 657.863 |i T636 |p b07142 | ||
